Normal view
MARC view
Entry Geographic Name
001 - CONTROL NUMBER
- control field: 4487
003 - CONTROL NUMBER IDENTIFIER
- control field: BD-RjUL
005 - DATE AND TIME OF LATEST TRANSACTION
- control field: 20220824113524.0
008 - FIXED-LENGTH DATA ELEMENTS
- fixed length control field: 220824|| aca||aabn | a|a d
040 ## - CATALOGING SOURCE
- Original cataloging agency: BD-RjUL
- Transcribing agency: BD-RjUL
151 ## - HEADING--GEOGRAPHIC NAME
- Geographic name: বাংলাদেশ
- General subdivision: ইতিহাস
- Chronological subdivision: বিপ্লব, ১৯৭১
670 ## - SOURCE DATA FOUND
- Source citation: Work cat.: (BD-RjUL)80231: মুক্তিযুদ্ধে স্যাপার্স : , ২০২১